Trainer Borussia Dortmunds seit 2000 - Statistiken

Allgemein
  • Dieses Quiz wurde 487 mal gespielt
    111 seit der letzten Aktualisierung
  • Das Durchschnittsergebnis liegt bei 12 aus 18
Antwortstatistiken
Jahr Trainer % Korrekt
2008-2015 Jürgen Klopp
99%
2020-2021 Edin Terzic
93%
2022-2024 Edin Terzic
93%
2015-2017 Thomas Tuchel
91%
2024-2025 Nuri Sahin
88%
2017-2018 Peter Stöger
78%
2021-2022 Marco Rose
77%
2025-heute Niko Kovac
73%
2018-2020 Lucien Favre
72%
2017 Peter Bosz
72%
2000-2004 Matthias Sammer
70%
2007-2008 Thomas Doll
59%
2004-2006 Bert van Marwijk
45%
2000 Udo Lattek
38%
2006-2007 Jürgen Röber
37%
1998-2000 Michael Skibbe
31%
2025 Mike Tullberg
28%
2000 Bernd Krauss
17%
Keine übereinstimmenden Quizze gefunden
Verteilung der Resultate
Anzahl Personen mit jedem Resultat
Perzentil nach korrekt beantworteten Fragen
Ihre Resultats-Entwicklung
Sie haben dieses Quiz seit der letzten Aktualisierung nicht gespielt